What Movie? Modern Westerns Quiz Stats

Quiz Updated Sep 3, 2017

Challenge
Share
Tweet
Score 0/25 Timer 09:00
4 Plays Today
% Correct
Django Unchained
93.3%
Back to the Future Part III
92.3%
Dances with Wolves
87%
The Lone Ranger
85.3%
Wild Wild West
83.8%
Blazing Saddles
83.1%
True Grit
78.8%
Rango
77.6%
The Revenant
73.9%
Maverick
73.6%
Tombstone
72.1%
Unforgiven
69.2%
Cowboys & Aliens
68.7%
% Correct
Shanghai Noon
68.1%
The Hateful Eight
61.2%
Young Guns
58.7%
3:10 to Yuma
53.5%
A Million Ways to Die in the West
51.4%
The Assassination of Jesse James by the Coward Robert Ford
44.2%
The Mask of Zorro
43.1%
Legends of the Fall
41.6%
The Quick and the Dead
39.9%
The Outlaw Josey Wales
39.3%
Little Big Man
28.8%
Dead Man
28.2%

You're not logged in!

Compare scores with friends on all Sporcle quizzes.
Sign Up with Email
OR
Log In

You Might Also Like...

Show Comments

Extras

Top Quizzes Today


Score Distribution

Your Account Isn't Verified!

In order to create a playlist on Sporcle, you need to verify the email address you used during registration. Go to your Sporcle Settings to finish the process.